01323nam a2200313 a 450000500170000000800410001702000240005802000240008203700210010604000180012708200060014510000340015124500660018526000340025130000320028549000210031750000290033852001600036765000290052765000250055665000220058170000170060380000530062085600990067385600920077294200200086499900170088495201080090120091211154649.0030512s2004 nyua b 000 1 eng  a0375825258 c100.00 a0375925252 c100.00 bBlueberry Books  adplbEnglish  aS aGreenburg, J. C.q(Judith C.) aOn the reef /cby J.C. Greenburg ; illustrated by Jan Gerardi aNew York bRandom Housec2004 a85 p. :bill. c20 cm(pbk)  aAndrew lost ;v7 a"A Stepping Stone book." aAfter escaping from the belly of a whale, Andrew and his cousin Judy face more dangers from their underwater nemesis, Soggy Bob, in the Great Barrier Reef. aMarine animalsvFiction. aInventionsvFiction. aCousinsvFiction. aGerardi, Jan aGreenburg, J. C.q(Judith C.)tAndrew lost ;v7. 3Contributor biographical informationuhttp://www.loc.gov/catdir/bios/random055/2003009681.html 3Publisher descriptionuhttp://www.loc.gov/catdir/description/random0414/2003009681.html 2ddccCHhSmGRE c32582d32582 00102ddc40708FICaAGbAGd2009-12-11g100.00l0oS GREr2009-12-11 00:00:00v100.00w2009-12-11yCH